Statistics for Football Player's Nationality

Click here to take the quiz!

General Stats

  • This quiz has been taken 153 times
  • The average score is 14 of 15

Answer Stats

HintAnswer% Correct
RonaldoPortugal
100%
MessiArgentina
99%
RicharlisonBrazil
98%
Luke ShawEngland
98%
PedriSpain
98%
LaporteSpain
98%
HaalandNorway
97%
Zlatan IbrahimovicSweden
97%
Mohamed SalahEgypt
95%
HavertzGermany
94%
DonnarummaItaly
92%
Luis SuarezUruguay
92%
Xherdan ShaqiriSwitzerland
83%
OblakSlovenia
77%
Pierre-Emerick AubameyangGabon
73%

Score Distribution

Percentile by Number Answered

Percent of People with Each Score

Your Score History

You have not taken this quiz